Business performance the slovak business journal = Časopis o podnikaní na Slovensku
Enregistré dans:
| Format: | Publication en série |
|---|---|
| Langue: | anglais slovaque |
| Publié: |
Bratislava
Brigette Buchet
1998
|
| Sujets: | |
| Tags: |
Pas de tags, Soyez le premier à ajouter un tag!
|
MARC
| LEADER | 00000nas2a2200000 4500 | ||
|---|---|---|---|
| 001 | s122156 | ||
| 005 | 20221220130646.5 | ||
| 022 | |a 1335-2369 | ||
| 041 | 0 | |a eng | |
| 041 | 0 | |a slo | |
| 044 | |a SK | ||
| 245 | 1 | 0 | |a Business performance |b the slovak business journal = Časopis o podnikaní na Slovensku |
| 264 | 1 | |a Bratislava |b Brigette Buchet |c 1998 | |
| 300 | |a 1 zv. | ||
| 773 | 0 | |w eu_un_cat*s121451 | |
| 610 | 2 | 0 | |a podnik |
| 610 | 2 | 0 | |a podnikanie |
| 610 | 2 | 0 | |a stratégia podniková |